000 00513nam a2200169Ia 4500
999 _c7160
_d7160
003 OSt
005 20200130094741.0
008 190216s9999||||xx |||||||||||||| ||und||
020 _a9788121914611
040 _coclc
082 _a338.5024658
_bCAU/M
100 _aCauvery, R
_9493
245 0 _aManagerial Economics /
_cR Cauvery ; U K Sudhanayak ; M Girija
260 _bS Chand & Company,
_c1997.
_aNew Delhi:
300 _a472p
942 _cBK
_2ddc
_h338.5024658
_iCAU/M
_k338.5024658
_mCAU/M